NLSUI OPAC header image

Constitutional law of India. Vol. II: A critical commentary (Record no. 16790)

MARC details
000 -LEADER
fixed length control field 01084nam a2200229Ia 4500
003 - CONTROL NUMBER IDENTIFIER
control field OSt
005 - DATE AND TIME OF LATEST TRANSACTION
control field 20210906111054.0
008 - FIXED-LENGTH DATA ELEMENTS--GENERAL INFORMATION
fixed length control field 160316s1999 xxu||||| |||| 00| 0 eng d
020 ## - INTERNATIONAL STANDARD BOOK NUMBER
International Standard Book Number 9788175344068
040 ## - CATALOGING SOURCE
Transcribing agency n
082 ## - DEWEY DECIMAL CLASSIFICATION NUMBER
Classification number 342.540200
Item number SEE-II
100 ## - MAIN ENTRY--PERSONAL NAME
Personal name Seervai H M
245 ## - TITLE STATEMENT
Title Constitutional law of India. Vol. II: A critical commentary
250 ## - EDITION STATEMENT
Edition statement 4th
260 ## - PUBLICATION, DISTRIBUTION, ETC.
Place of publication, distribution, etc. Delhi
Name of publisher, distributor, etc. Universal Book Traders
Date of publication, distribution, etc. 1999
300 ## - PHYSICAL DESCRIPTION
Extent 2240p
Dimensions civ
365 ## - TRADE PRICE
Price amount Rs.750
505 ## - FORMATTED CONTENTS NOTE
Formatted contents note Volume 2<br/>11. Right to Freedom;<br/>12. Right to Freedom of Religion;<br/>13. Cultural and Educational Rights;<br/>14. The 44th Amendment - Right to Property no Longer a Fundamental Right;<br/>15. Rights to Property;<br/>16. Right to Judicial Remedies;<br/>17. Directive Principles of State Policy;<br/>18. The Union and the State Executive;<br/>19. Borrowing, Property, Contracts, Rights, Liabilities, Obligations and Suits;<br/>20. The Union and the State Legislatures;<br/>Appendix;<br/>Constitution Amendment Acts;<br/>Index
650 ## - SUBJECT ADDED ENTRY--TOPICAL TERM
Topical term or geographic name entry element 1.Constitution Law - India - Commentary
700 ## - ADDED ENTRY--PERSONAL NAME
Personal name
--
942 ## - ADDED ENTRY ELEMENTS (KOHA)
Source of classification or shelving scheme Dewey Decimal Classification
Koha item type BOOKs
Holdings
Withdrawn status Lost status Damaged status Not for loan Home library Current library Shelving location Date acquired Cost, normal purchase price Total Checkouts Full call number Barcode Date last seen Price effective from Koha item type
        . .   30.05.2017 750.00   342.5402 SEE-II 16529 30.05.2017 30.05.2017 BOOKs